| 000 | 01181nam a22004217a 4500 | ||
|---|---|---|---|
| 003 | ELib | ||
| 005 | 20150505162048.0 | ||
| 008 | 130219t xxu||||| |||| 00| 0 eng d | ||
| 020 | _a9719159316 | ||
| 050 |
_aRT 98 _b.R456 2000 |
||
| 100 | _aReyala, Jean P. | ||
| 245 |
_aCommunity health nursing services in the Philippines / _cJean P. Reyala [and 8 others]. |
||
| 250 | _a9th ed. | ||
| 260 |
_aPhilippines : _bNational League of Philippine Government Nurses, Inc. , _c2000. |
||
| 300 |
_a384 pages : _c23 cm. _billustrations ; |
||
| 500 | _aIncludes bibliographical reference. | ||
| 650 | _aCommunity health services. | ||
| 650 | _aPublic health. | ||
| 700 | _aNisce, Zenaida P. | ||
| 700 | _aMartinez, Florida R. | ||
| 700 | _aHizon, Nelia F. | ||
| 700 | _aRuzol, Carolina A. | ||
| 700 | _aDequiña, Remy B. | ||
| 700 | _aAlcantara, Azucena P. | ||
| 700 | _aBermudez, Ma. Thelma C. | ||
| 700 | _aEstipona, Gilda R. | ||
| 942 |
_2lcc _cBK |
||
| 999 |
_c283842 _d283842 |
||